000 01628nam a22002537a 4500
005 20120710095438.0
010 _aB-462374-378
020 _a9788176258975
_c400.00
035 _aB-462374-378
037 _adpl
_bK.K. PUB/VEN
082 _a883.08
100 _aKansangara Athmesh M.
_950069
245 _aCritical Perspectives on Rabindranath Tagore's
_b'Gora' and 'The Wreck'
_cby Athmesh M. kansangara
260 _aNew Delhi
_bSarup Book Publishers Pvt. Ltd.
_c2009
270 _a4740/23, Ansari Road Darya Ganj
_bNew delhi
300 _a134pg.
_c22cm.
942 _2ddc
_cEN
_h883.08
_mTAG
999 _c68353
_d68353